| 000 | 00727cam a2200229 a 4500 | ||
|---|---|---|---|
| 001 | 000002853 | ||
| 005 | 20200929150254.0 | ||
| 008 | 901009s1989 sp 001 e spa | ||
| 020 | _a8423919064 | ||
| 040 |
_aDO-SdBNP _cDLC |
||
| 082 |
_a809 _bG958t |
||
| 100 | 1 |
_aGuillén, Claudio, _d1924-2007 _99045 |
|
| 245 | 1 | 0 |
_aTeorías de la historia literaria : _bensayos de teoría / _cClaudio Guillén. |
| 260 |
_aMadrid : _bEspasa Calpe, _c1989. |
||
| 300 |
_a316 p. ; _c17 cm. |
||
| 440 | 0 |
_aAustral. _pFilología ; _v106 _99046 |
|
| 650 | 4 |
_aLiteratura comparada _xHistoria y crítica _99047 |
|
| 650 | 4 |
_aEnsayos españoles _93095 |
|
| 650 | 4 |
_aLiteratura _xEnsayos _99048 |
|
| 910 | _aCatalogación por copia / LC | ||
| 910 | _aWM | ||
| 999 |
_c2687 _d2687 |
||